KFZ-Kennzeichen Niedersachsen - Statistiken

Allgemein
  • Dieses Quiz wurde 388 mal gespielt
    320 seit der letzten Aktualisierung
  • Das Durchschnittsergebnis liegt bei 32 aus 58
Antwortstatistiken
Hint Antwort % Korrekt
CUX Cuxhaven
93%
CE Celle
92%
AUR Aurich
90%
EMD Emden
90%
H Hannover
90%
Göttingen
88%
CLP Cloppenburg
87%
BS Braunschweig
85%
HI Hildesheim
82%
DEL Delmenhorst
81%
LER Leer
78%
FRI Friesland
77%
OL Oldenburg
77%
OS Osnabrück
75%
GF Gifhorn
69%
GS Goslar
68%
VEC Vechta
68%
STD Stade
64%
PE Peine
63%
BRA Brake
59%
WOB Wolfsburg
59%
NI Nienburg
57%
VER Verden
57%
DUD Duderstadt
56%
UE Uelzen
56%
ALF Alfeld
55%
EL Emsland
55%
HK Heidekreis
55%
EIN Einbeck
54%
DH Diepholz
53%
HM Hameln
53%
LG Lüneburg
53%
BRV Bremervörde
51%
WHV Wilhelmshaven
51%
DAN Dannenberg
50%
NOR Norden
48%
HMÜ Hann. Münden
45%
HE Helmstedt
45%
NOH Nordhorn
43%
MEL Melle
42%
SZ Salzgitter
41%
SY Syke
41%
ROW Rotenburg (Wümme)
39%
WF Wolfenbüttel
39%
CLZ Clausthal-Zellerfeld
36%
WTM Wittmund
36%
WST Westerstede
35%
BSB Bersenbrück
34%
BRL Braunlage
34%
HOL Holzminden
33%
NOM Northeim
32%
RI Rinteln
32%
GAN Bad Gandersheim
30%
OHZ Osterholz-Scharmbeck
30%
SHG Stadthagen
27%
WL Winsen (Luhe)
23%
OHA Osterode am Harz
21%
WTL Wittlage
11%
Keine übereinstimmenden Quizze gefunden
Verteilung der Resultate
Anzahl Personen mit jedem Resultat
Perzentil nach korrekt beantworteten Fragen
Ihre Resultats-Entwicklung
Sie haben dieses Quiz seit der letzten Aktualisierung nicht gespielt